Základní otázky psychologie

Bibliographic Details
Main Author: Nakonečný, Milan, 1932- (Author)
Format: Book
Language:Czech
PhysicalDescription:174 s. Fotogr. Grafy. Sch. 20 cm
Published: Praha Státní pedagogické nakladatelství 1968
Edition:1. vyd.
Series:Knižnice psychologické literatury
Subjects:

MARC

LEADER 00000nam a2200000 a 4500
001 vtls001307309
003 SK-MaSNL
005 20260301155735.0
008 240314s1968 xr oa 0 100 cze
035 |a SNK000259585 
040 |a SNK  |b slo  |c SNK  |e AACR2 
041 |a cze 
044 |a xr  |c CZ 
080 |a 159.9(035)  |2 2001 
100 1 |a Nakonečný, Milan,  |d 1932-  |4 aut  |9 97551 
245 1 0 |a Základní otázky psychologie  |c Milan Nakonečný 
250 |a 1. vyd. 
260 |a Praha  |b Státní pedagogické nakladatelství  |c 1968  |e Brno  |f Rudé právo 
300 |a 174 s.  |b Fotogr. Grafy. Sch.  |c 20 cm 
490 1 |a Knižnice psychologické literatury 
504 |a Bibliogr. odkazy. Reg. 
650 0 7 |a psychológia  |2 SNKPH  |9 807 
655 7 |a príručky  |2 SNKPH  |9 74364 
830 0 |a Knižnice psychologické literatury  |9 305870 
958 |a OND 
999 |c 802461  |d 804391 
952 |t P60, <04>, [BOOK], {604}  |a SNK  |b SNK  |y VYP  |7 0  |p 17A0104617  |o snkID 48019 D1  |0 0  |1 1  |4 0  |d 1997-10-23  |l 0  |r 2005-01-02 00:00:00  |w 2026-02-24 
952 |t P60, <04>, [BOOK], {604}  |a SNK  |b SNK  |y VYP  |7 0  |p 17A0267997  |o snkID 48019  |0 0  |1 0  |4 0  |d 2001-03-15  |l 0  |r 2005-01-02 00:00:00  |w 2026-02-24